000 00678cab a2200217 4500
001 WB3339-14
008 090401t1997 xxu||||| |||| 00| 0 eng d
035 _a(Sirsi) u81383
041 _aeng
245 _aSingle tenancy could win support
260 _c1997
350 _a0
490 _aHousing Today
_v(54) 9 October 1997, 2(1)
520 _aThe Chartered Institute of Housing has commissioned research to examine the potential of moving to a single form of housing tenure and will consider harmonisation of the right to buy across tenures.
650 _aCIH
650 _aRESEARCH
650 _aTENURE
690 _aHOUSING
942 _n0
948 _c10/10/1997
999 _c51275
_d51275